| 000 | 00482nam a22001817a 4500 | ||
|---|---|---|---|
| 999 |
_c196478 _d196478 |
||
| 005 | 20230628113413.0 | ||
| 010 | _aENG-137183 | ||
| 020 |
_a9789380070872 _c175.00 |
||
| 035 | _aEN-120715 | ||
| 037 | _bDBAD/PUB | ||
| 082 | _aN | ||
| 100 | _aPorter, Eleanor H. | ||
| 245 |
_aPollyanna/ _cBy Eleanor H. porter |
||
| 260 |
_aUttar Pradesh _bOm Kidz _c2012 |
||
| 270 |
_aA -12, Sector 64,Noida _bUttar Pradesh _e201301 |
||
| 300 |
_a 240p.; _c21cm(Hbk) |
||
| 942 |
_2ddc _cEN _mPOR _hN |
||